000 02184nam a2200601 i 4500
001 32462
003 KOSZ 005
005 20220422090503.0
008 980702s1996 pl a |001 0 pol
015 _aUWD 1996/6014
020 _a8320810019
020 _a8320810027
035 _a991004053159705066
035 _a(PL-WaBN)b11077189-48omnis_nlop
035 _ab11077189
035 _a(OCoLC)749261186
035 _azz2003926254
035 _a(PL)b0000001107718
035 _a(EXLNZ-48OMNIS_NETWORK)9910499752205606
040 _aWA N
_cWA N
_dKOSZ 005/HR
041 1 _apol
_heng
046 _k1994
080 _a330.101.542
080 _a(075.8)
100 1 _aBegg, David K. H.
_eAutor
245 1 0 _aEkonomia :
_bmikroekonomia /
_cDavid Begg [oraz] Stanley Fischer, Rudiger Dornbusch ; red. nauk. Bogusław Czarny, Zbigniew Matkowski, Ryszard Rapacki ; tł. [z ang.] B. Czarny [et al.].
246 1 _iTyt. oryg.:
_aEconomics,
_f1994
250 _aWyd. 2 zm.
260 _aWarszawa :
_bPolskie Wydawnictwo Ekonomiczne,
_c1996.
300 _a570, [2] s. :
_bwykr. ;
_c24 cm.
336 _aTekst
_btxt
_2rdacontent
337 _aBez urządzenia pośredniczącego
_bn
_2rdamedia
338 _aWolumin
_bnc
_2rdacarrier
380 _aKsiążki
388 _a1901-2000
388 _a1989-2000
504 _aIndeks.
650 7 _aMikroekonomia
_2DBN
655 7 _aPodręczniki akademickie
_2DBN
658 _aGospodarka, ekonomia, finanse
700 1 _aCzarny, Bogusław
_d(1957- )
_eTłumaczenie
700 1 _aDornbusch, Rudiger
_d(1942-2002)
_eAutor
700 1 _aFischer, Stanley
_d(1943- )
_eAutor
700 1 _aFreyberg, Ewa
_d(1944- )
_eTłumaczenie
700 1 _aGeldner, Marian
_eTłumaczenie
700 1 _aMatkowski, Zbigniew
_d(1941- )
_eRedakcja
700 1 _aParkoła, Andrzej
_eTłumaczenie
700 1 _aRapacki, Ryszard
_d(1949- )
_eRedakcja
710 2 _aPolskie Wydawnictwo Ekonomiczne
_4pbl
856 _uhttp://koha.tu.koszalin.pl/cgi-bin/koha/opac-detail.pl?biblionumber=32462
_yKatalog online BPK
942 _2UKD
_cKS
999 _c32462
_d32462